| 000 | 02410cam a22004574i 4500 | ||
|---|---|---|---|
| 003 | PE-LiUPU | ||
| 005 | 20250731183438.0 | ||
| 008 | 150706s2011 r 000 0 d | ||
| 020 | _a9788499401751 | ||
| 035 | _a(Sirsi) i9788499401751 | ||
| 040 |
_aPE-LiUPU _bspa _cPE-LiUPU _erda |
||
| 049 | _aPRUA | ||
| 082 | 0 | 4 |
_a724.6 _bC62 _221 |
| 100 | 1 |
_aCliment Ortiz, Javier, _eautor. |
|
| 245 | 1 | 0 |
_aExpresionismo : _blenguaje y construcción de la forma arquitectónica / _cJavier Climent Ortiz. |
| 264 | 1 |
_aMadrid : _bBiblioteca Nueva, _c2011. |
|
| 300 |
_a319 páginas : _bilustraciones ; _c27 cm. |
||
| 336 |
_atext _2rdacontent |
||
| 337 |
_aunmediated _2rdamedia |
||
| 338 |
_avolume _2rdacarrier |
||
| 490 | 0 |
_aMetrópoli ; _v17 |
|
| 504 | _aIncluye bibliografía p. 312-316. | ||
| 505 | 0 | _aSobre la expresión -- Los límites de la expresión -- 'DYNAMIK UND FUNCTION'. La teoría arquitectónica de Henry Van de Velde -- El pensamiento utópico y la arquitectura visionaria de Bruno Taut -- El principio de la metamorfosis de Goethe y su aplicación en arquitectura. Rudolph Steiner y la colonia de Dornach -- Hugo Häring y la arquitectura de la adecuación -- Hans Scharoun y la práctica de la construcción orgánica -- La expresión en la naturaleza del espacio exterior -- La habitación expresionista -- Expresionismo. Lenguaje y construcción de la forma arquitectónica -- Edificio orgánico, edificio aperspéctico, edificio heterotópico -- Arquitectura expresionista. El tiempo configurado. | |
| 526 | _aP158 | ||
| 526 | _aP146 | ||
| 526 | _aP17 | ||
| 526 | _aP12 | ||
| 526 | _aP06 | ||
| 541 | _g015-0015390; | ||
| 650 | 0 | 4 | _aExpresionismo (Arte). |
| 650 | 0 | 4 | _aExpresionismo (Arquitectura). |
| 650 | 0 | 4 |
_aArquitectura _xTeorías. |
| 650 | 0 | 4 |
_aExpresionismo (Arquitectura) _vDiseños y planos. |
| 650 | 0 | 4 |
_aExpresionismo (Arquitectura) _xHistoria y crítica. |
| 910 |
_cng _d20130610 |
||
| 942 |
_2ddc _cBOOK |
||
| 949 |
_a724.6 C62 _wDEWEY _c1 _i67494 _lCCODEBUL1 _mBUL _p45.00 _r0 _sY _tBOOK _u2015-7-6 _xINGENIERIA _PP06 _o.STAFF. Colección General |
||
| 994 |
_aC0 _bPEPRU |
||
| 596 | _a1 | ||
| 999 |
_a724.6 C62 _wDEWEY _c55125 _i67494 _d55125 _e2016-8-18 _f2021-11-9 _g7 _lCCODEBUL1 _mBUL _n1 _p45.00 _q1 _r0 _sY _tBOOK _u2015-7-6 _xINGENIERIA _PP06 _0COMPRA _o.STAFF. Colección General |
||
| 980 |
_81 _gALBERTO SANCHEZ Responsable de Automatización |
||